Imaging atlas of human anatomy / (رقم التسجيلة. 24266)

تفاصيل مارك
000 -الفاتح
حقل البيانات ثابتة الطول 00871pam a2200289 a 4500
001 - رقم الضبط
رقم الضبط 4173154
003 - محدد رقم الضبط
رقم الضبط OSt
005 - وقت وتاريخ اخر تعامل مع التسجيلة
رقم الضبط 20150408114047.0
008 - عناصر البيانات ثابتة الطول - معلومات عامة
حقل البيانات ثابتة الطول 120624s2003 stka | 001 0 eng
020 ## - الرقم الدولى المعيارى للكتب
الرقم الدولى المعيارى للكتاب 9780808923886
040 ## - مصدر الفهرسة
وكالة النسخ MU
082 04 - رقم تصنيف ديوى العشرى
رقم التصنيف 611.00222 W J I
رقم الطبعة 21
100 1# - المدخل الرئيسى - إسم شخصى
الإسم الشخصى Weir, Jamie.
9 (RLIN) 16283
245 10 - بيان العنوان
العنوان Imaging atlas of human anatomy /
بيان المسئوليه,etc Jamie Weir, Peter H. Abrahams with four contributors, Anna-Maria Belli ... [et al.].
250 ## - بيان الطبعة
بيان الطبعة 3rd ed.
260 ## - PUBLICATION, DISTRIBUTION, ETC. (IMPRINT)
مكان الناشر او الموزع Edinburgh :
اسم الناشر او الموزع Mosby,
تاريخ النشر أو التوزيع 2003.
300 ## - الوصف المادى
التعداد xiii, 226 p. :
تفاصيل ماديه اخرى للوعاء ill. ;
أبعاد الوعاء 31 cm.
500 ## - تبصرة عامة
تبصرة عامة Previous ed.: 1997.
504 ## - تبصرة ببليوجرافية
تبصرة ببليوجرافية,الخ Includes index.
650 #4 - المدخل الاضافى بالموضوع-مصطلح موضوعى
مصطلح موضوعي أو اسم جغرافي كعنصر مدخل Human anatomy
التقسيم الفرعي الشكلي Atlases.
9 (RLIN) 10617
650 #4 - المدخل الاضافى بالموضوع-مصطلح موضوعى
مصطلح موضوعي أو اسم جغرافي كعنصر مدخل Diagnostic imaging
التقسيم الفرعي الشكلي Atlases.
650 #4 - المدخل الاضافى بالموضوع-مصطلح موضوعى
مصطلح موضوعي أو اسم جغرافي كعنصر مدخل Anatomy
التقسيم الفرعي الشكلي Atlases.
650 #4 - المدخل الاضافى بالموضوع-مصطلح موضوعى
مصطلح موضوعي أو اسم جغرافي كعنصر مدخل Diagnostic Imaging
التقسيم الفرعي الشكلي Atlases.
700 1# - المدخل الاضافى - اسم شخصى
الإسم الشخصى Abrahams, Peter H.
9 (RLIN) 16061
942 ## - عناصر المدخل الإضافي( كوها)
مصدر التصنيف او مخطط الترفيف Dewey Decimal Classification
Koha [default] item type DVD
المقتنيات
حالة الفقد نموذج السعر الفعال حالة تلف ليس للاعارة رقم الطلب رقم النسخة تاريخ الاكتساب الموقع الحالي الباركود الفرع الرئيسي Date last seen نوع المادة فى نظام كوها مصدر التصنيف او خطة الترفيف Total Checkouts
  2013-03-10     611.00222 W J I c.1 2012-06-24 المكتبة المركزية بالمجمعة (CL) 00109534 المكتبة المركزية بالمجمعة (CL) 2013-03-10 كتاب Dewey Decimal Classification  
  2013-03-10     611.00222 W J I c.2 2012-06-24 المكتبة المركزية بالمجمعة (CL) 00109533 المكتبة المركزية بالمجمعة (CL) 2013-03-10 كتاب Dewey Decimal Classification  
  2013-03-10     611.00222 W J I c.3 2012-06-24 المكتبة المركزية بالمجمعة (CL) 00109532 المكتبة المركزية بالمجمعة (CL) 2013-03-10 كتاب Dewey Decimal Classification